| 000 | 00329nam a2200109Ia 4500 | ||
|---|---|---|---|
| 008 | 200302s9999 xx 000 0 und d | ||
| 100 | _aRmanath Jha and Othres | ||
| 245 | _aPerspectives in Uban Development: Issues in Infrastructure,Planning and Governance | ||
| 260 | _bCapital Publishing Company | ||
| 260 | _c2012 | ||
| 300 | _a272 | ||
| 999 |
_c3660 _d3660 |
||